Educación superior en América Latina (Registro nro. 7117)
[ vista simple ]
| 000 -LEADER | |
|---|---|
| fixed length control field | 01965 a2200241 4500 |
| 001 - CONTROL NUMBER | |
| control field | 60741 |
| 005 - DATE AND TIME OF LATEST TRANSACTION | |
| control field | 20260407155858.0 |
| 008 - FIXED-LENGTH DATA ELEMENTS--GENERAL INFORMATION | |
| fixed length control field | 260407a2025 arg spa d |
| 003 - CONTROL NUMBER IDENTIFIER | |
| control field | AR-UNSa-BCEJYS |
| 040 ## - CATALOGING SOURCE | |
| Original cataloging agency | AR-UNSa-BCEJYS |
| Language of cataloging | spa |
| Transcribing agency | AR-UNSa-BCEJYS |
| 080 ## - UNIVERSAL DECIMAL CLASSIFICATION NUMBER | |
| Universal Decimal Classification number | 378 |
| Common auxiliary subdivision | Enseñanza superior. Universidades. Escuelas especiales |
| 020 ## - INTERNATIONAL STANDARD BOOK NUMBER | |
| International Standard Book Number | 978-958-97647-8-7 |
| 100 1# - MAIN ENTRY--PERSONAL NAME | |
| Personal name | De Wit, Hans |
| 245 10 - TITLE STATEMENT | |
| Title | Educación superior en América Latina |
| Name of part/section of a work | La dimensión internacional |
| 264 #1 - PRODUCTION, PUBLICATION, DISTRIBUTION, MANUFACTURE, AND COPYRIGHT NOTICE | |
| Place of production, publication, distribution, manufacture | Washington : |
| Name of producer, publisher, distributor, manufacturer | Banco Mundial |
| Date of production, publication, distribution, manufacture, or copyright notice | 2025 |
| 300 ## - PHYSICAL DESCRIPTION | |
| Extent | 380 p. |
| Dimensions | 23 cm. |
| 505 ## - FORMATTED CONTENTS NOTE | |
| Formatted contents note | 1. Un modelo de internacionalización: Respuesta a nuevas realidades y retos / Jane Knight - 2. Desafíos regionales e internacionales para la educación superior en América Latina / Lauritz B. Holm-Nielsen, Kristian Thorn, José Joaquín Brunner y Jorge Balán – 3. Internacionalización de la educación superior en Argentina / Julio Cesar Theiler – 4. Internacionalización de la educación superior en Brasil / Sonia Pereira Laus y Marilia Costa Morosini – 5. Internacionalización de la educación superior en Chile / Carlos Ramírez Sánchez – 6. Internacionalización de la educación superior en Colombia / Isabel Cristina Jaramillo – 7. Internacionalización de la educación superior en Cuba / Raúl Hernández Pérez – 8. Internacionalización de la educación superior en México / Jocelyne Gacel-Ávila – 9. Internacionalización de la educación superior en Perú / Luis Jaime Castillo Butters, Leena Bernuy Quiroga y Pamela Lastres Dammert – 10. Actores claves y programas: Mejores vinculaciones en la región / Isabel Cristina Jaramillo y Jane Knight – 11. Al estilo lationoamericano: tendencias, problemas y direcciones / Jocelyne Gacel-Ávila, Isabel Cristina Jaramillo, Jane Knight y Hans de Wit |
| 590 ## - LOCAL NOTE (RLIN) | |
| Local note | niveau_biblio:m niveau_hierar:0 |
| 700 1# - ADDED ENTRY--PERSONAL NAME | |
| Personal name | Jaramillo, Isabel Cristina |
| 700 1# - ADDED ENTRY--PERSONAL NAME | |
| Personal name | Gacel-Ávila, Jocelyne |
| 700 1# - ADDED ENTRY--PERSONAL NAME | |
| Personal name | Knight, Jane |
| 942 ## - ADDED ENTRY ELEMENTS (KOHA) | |
| Koha item type | |
| Withdrawn status | Lost status | Damaged status | Not for loan | Home library | Current library | Shelving location | Date acquired | Total checkouts | Full call number | Barcode | Date last seen | Price effective from | Koha item type |
|---|---|---|---|---|---|---|---|---|---|---|---|---|---|
| Biblioteca Prof. Eusebio Cleto del Rey | Biblioteca Prof. Eusebio Cleto del Rey | 07/04/2026 | 378 E24 | L116199 | 07/04/2026 | 07/04/2026 | Libro |